000 00604nam a2200205Ia 4500
005 20230117093344.0
008 131103s9999 xx 000 0 und d
020 _a521364248
_cRs.895
040 _aLoreto College
041 _aEnglish
082 _a954
_bLUD
100 _aLudden,David
245 4 _aThe new cambridge history of India IV
_b an agrarian history of South Asia
_cDavid Ludden
260 _aCambridge
_bCambridge University Press
_c1999
300 _axiii,261 p.
504 _aIncludes bibliographical essays and index
650 _aIndia - History
850 _aLCLIB
942 _cBK
999 _c8988
_d59467